Biblioteka Instytutu Północnego w Olsztynie

Widok standardowy Widok MARC

Pozycja Corporate Name

Liczba rekordów, w których użyto hasła: 1

001 - Numer kontrolny

  • control field: 39223

003 - Identyfikator numeru kontrolnego

  • control field: NUKAT

005 - Data i czas ostatniej modyfikacji

  • control field: 20260330142728.0

008 - Dane kontrolne kodowane (40 znaków)

  • fixed length control field: 180307n||azznnbabn |a ana |

010 ## - Numer kontrolny Biblioteki Kongresu

  • numer kontrolny LC: p 2018047991

035 ## - Numer systemowy

  • numer systemowy: a37459958

040 ## - Instytucja sporządzająca rekord

  • inst. przygot. dane do rek. khw: WA N
  • język haseł przedmiotowych/tezaurus: DBN
  • inst. wprow. rek. khw: WA N

043 ## - Kod obszaru geograficznego

  • ISO code: PL

110 2# - Hasło - nazwa ciała zbiorowego

  • nazwa ciała zbior. lub geogr. na pocz.: Towarzystwo Miłośników Wołynia i Polesia (Olsztyn)

370 ## - Associated place

  • Country: Polska

377 ## - Assoc lang

  • Lang code: pol

410 2# - Trop zob. - nazwa ciała zbiorowego

  • nazwa ciała zbior. lub geogr. na pocz.: Olsztyńskie Towarzystwo Miłośników Wołynia i Polesia

410 2# - Trop zob. - nazwa ciała zbiorowego

  • nazwa ciała zbior. lub geogr. na pocz.: TMWiP

670 ## - Źródło informacji

  • źródło informacji: Wołynianie na Warmii i Mazurach (1994-2016) na przykładzie olsztyńskiego Towarzystwa Miłośników Wołynia i Polesia / Michał Rzeżuchowski. W: Zapiski z Pogranicza : półrocznik Interdyscyplinarnego Koła Doktoranckiego "Pogranicza". 2016, z. 4.
Biblioteka Instytutu Północnego, ul. Partyzantów 87, 10-402 Olsztyn, email: biblioteka(at)ip.olsztyn.pl